Curso moderno de trigonometría: con tablas y una guía para el estudiante
Gardado en:
| Main Authors: | , |
|---|---|
| Formato: | Libro |
| Idioma: | Lingua castelá |
| Publicado: |
Ciudad de México
Cultural
1967
|
| Subjects: | |
| Tags: |
Engadir etiqueta
Sen Etiquetas, Sexa o primeiro en etiquetar este rexistro!
|
MARC
| LEADER | 00000nam a2200000 a 4500 | ||
|---|---|---|---|
| 001 | UCU3058 | ||
| 003 | CL-VaPUC | ||
| 008 | 960502e19670000MX |||||||||||||||||spa|d | ||
| 082 | 0 | 4 | |a 516.24 |b HOO |2 21 |
| 100 | 0 | |a Hooper, Alfred |e author |9 359750 | |
| 700 | 0 | |a Griswold, Alice L |e author |9 359751 | |
| 245 | 1 | 0 | |a Curso moderno de trigonometría: con tablas y una guía para el estudiante |
| 300 | |a 366 p | ||
| 942 | |c BK | ||
| 945 | |d 19960502 00:00:00 |a cmena | ||
| 260 | |a Ciudad de México |b Cultural |c 1967 | ||
| 650 | 0 | |a Trigonometría |9 259568 | |
| 650 | 0 | |a Geometría analítica |9 260062 | |
| 650 | 0 | |a Funciones (Matemáticas) |9 338128 | |
| 650 | 0 | |a Ecuaciones |9 260137 | |
| 650 | 0 | |a Logaritmos |9 260266 | |
| 650 | 0 | |a Vectores |x Matemáticas |9 269973 | |
| 650 | 0 | |a Ángulos |9 342215 | |
| 650 | 7 | |a GEOMETRIA EUCLIDEA |2 CL-VaPUC |9 359752 | |
| 583 | |a last modification |c 19960502 00:00:00 |k Rodrigo Vera | ||
| 999 | |c 247188 |d 247186 | ||